[Event "Montesilvano Easter op 8th"]
[Site "Montesilvano"]
[Date "2023.04.10"]
[Round "6"]
[White "Giammona, Federico"]
[Black "Pasini, Nicolo"]
[Result "1/2-1/2"]
[WhiteElo "1985"]
[BlackElo "2197"]
[PlyCount "69"]
[EventDate "2023.04.07"]
[EventType "swiss"]
[EventRounds "6"]
[EventCountry "ITA"]
[SourceTitle "CBM 213 Extra"]
[Source "ChessBase"]
[SourceDate "2023.05.31"]
[SourceVersion "1"]
[SourceVersionDate "2023.05.31"]
[SourceQuality "1"]

1. d4 Nf6 2. Nf3 c5 3. d5 a6 4. a4 e6 5. Nc3 exd5 6. Nxd5 Nxd5 7. Qxd5 Nc6 8. Bg5 Be7 9. Bxe7 Qxe7 10. g3 d6 11. Bg2 0-0 12. e3 Nb4 13. Qb3 Qe4 14. 0-0 Nxc2 15. Rad1 Bd7 16. Ne1 Bxa4 17. Bxe4 Bxb3 18. Bxc2 Bxc2 19. Nxc2 Rfd8 20. Rd5 Kf8 21. Rfd1 Ke7 22. e4 g6 23. e5 dxe5 24. Rxe5+ Kf6 25. Rxd8 Rxd8 26. Rxc5 Rd1+ 27. Kg2 Rc1 28. b4 b6 29. Rc4 b5 30. Rc6+ Ke5 31. Nd4 Ra1 32. Nf3+ Kd5 33. Rc5+ Kd6 34. Ng5 f5 35. Nf7+ 1/2-1/2